LEADER 01349nam2 2200289 450 001 000033152 005 20221207131057.0 100 $a20200529d1984----km-y0itay50------ba 101 0 $aita 102 $aIT 105 $ay-------001yy 200 1 $a<>didattica della Cartografia nautica$e20. Convegno nazionale dell'Associazione italiana di Cartografia (Napoli, 19-21 settembre 1984)$fdi Antonino Sposito 210 $aNapoli$cIstituto di Astronomia nautica e navigazione -IUN$d1984 215 $aP. 1-6$cill.$d24 cm 225 2 $aLavori scientifici e scritti diversi$fAntonino Sposito 410 0$12001$aLavori scientifici e scritti diversi 461 1$1001000034999$aG. Simeon - Opere 500 10$a<>didattica della Cartografia nautica : 20. Convegno nazionale dell'Associazione italiana di Cartografia (Napoli, 19-21 settembre 1984)$91744094 610 1 $aCartografia nautica$aConvegni 676 $a623.89$v21$9Navigazione 700 1$aSposito,$bAntonino$0630092 801 0$aIT$bUNIPARTHENOPE$c20200529$gRICA$2UNIMARC 912 $a000033152 951 $aColl. SIM. 2-7/57$bs.i.$cDSA$d2020 951 $aColl. SIM. 2-7 bis/57 bis$bs.i.$cDSA$d2020 996 $aDidattica della Cartografia nautica : 20. Convegno nazionale dell'Associazione italiana di Cartografia (Napoli, 19-21 settembre 1984)$91744094 997 $aUNIPARTHENOPE